| 000 | 00593nam a2200277Ia 4500 | ||
|---|---|---|---|
| 005 | 20260401122048.0 | ||
| 008 | 008 250103s9999 xx 000 0 eng d | ||
| 020 | _a1140278397 | ||
| 037 | _aTB | ||
| 040 | _aEDL | ||
| 040 | _beng | ||
| 040 | _cEDL | ||
| 041 | _2eng | ||
| 041 | _aeng | ||
| 084 | _a306.7662 MER | ||
| 084 | _qEDL | ||
| 245 | 0 | _aYaraana: Gay Writng From India | |
| 260 | _aNew Delhi | ||
| 260 | _bPenguin Books | ||
| 260 | _c1999 | ||
| 300 | _a211p | ||
| 942 | _cTB | ||
| 942 | _h306.7662 MER | ||
| 999 |
_c1844660 _d1844660 |
||